000 00663nam a2200205Ia 4500
003 GCL
008 140319s9999 xx 000 0 ara d
040 _aGCL /
_cGCL
082 0 4 _a796.8153
_bم ك
100 1 _aمكتبة المعارف
245 1 0 _aكتاب تعليم الكارتية والجيدو: فن الدفاع عن النفس, بالصور والشروحات /
_cمكتبة المعارف
260 _a[S.N] :
_bمكتبة المعارف ،
_c1987
300 _a104 ص
490 _a
650 0 4 _aالالعاب الرياضية
650 0 4 _aالجودو
650 0 4 _aالمصارعة
650 0 4 _aالكاراتية
942 _2ddc
_cBK
999 _c53501
_d53501